Challenging lesbian and gay inequalities in education /

Uloženo v:
Podrobná bibliografie
Hlavní autor: Epstein, Debbie (Autor)
Médium: Kniha
Jazyk:angličtina
Vydáno: Buckingham : Open university press, 1994
Edice:Gender and education series
Tagy: Přidat tag
Žádné tagy, Buďte první, kdo vytvoří štítek k tomuto záznamu!

MARC

LEADER 00000nam a22000007i 4500
001 IT\ICCU\UBO\3544998
003 ItRI
005 20260115231816.0
008 081217s1994 xxk|||||| ||||| |||||c
020 |a 0335191304 
040 |b ita  |c importazione bologna sebina 
041 7 |a eng  |2 ISO-639-2 
100 1 |a Epstein, Debbie  |0 IT\ICCU\PUVV\314314  |4 aut 
245 1 0 |a Challenging lesbian and gay inequalities in education /  |c edited by Debbie Epstein. 
260 |a Buckingham :  |b Open university press,  |c 1994 
300 |a xii, 239 p. ;  |c 22 cm. 
830 0 |a Gender and education series  |0 IT\ICCU\UBO\1630470 
942 |2 ddc  |c BK  |n 0 
952 |0 0  |1 0  |4 0  |6 DOC_371_820000000000000_EPS  |7 0  |9 13140  |a BO  |b BO  |d 2026-01-15  |i 4290  |l 0  |o DOC 371.82 EPS  |p BO4290  |r 2026-01-15 23:18:16  |w 2026-01-15  |x [Sebina 5] [1 v.]  |y BK  |z 1 v. 
999 |c 11267  |d 11267